60 Losowych Brakujących Krajów na Mapie - Statystyki

Ogólne statystyki
  • Ten quiz został rozwiązany 68 razy
  • Średni wynik to 43 z 60
Odpowiedzi na mapie
Odpowiedzi zakodowano w zielono-czerwonej skali na mapie do tego quizu, zgodnie z poniższymi procentami.
 
Statystyki odpowiedzi
Kraj % Poprawnych
Albania
100%
Algieria
100%
Arabia Saudyjska
100%
Argentyna
100%
Australia
100%
Austria
100%
Boliwia
100%
Bośnia i Hercegowina
100%
Botswana
100%
Brazylia
100%
Chiny
100%
Chorwacja
100%
Czad
100%
Czechy
100%
Demokratyczna Republika Konga
100%
Egipt
100%
Finlandia
100%
Francja
100%
Grecja
100%
Hiszpania
100%
Kanada
100%
Kazachstan
100%
Kolumbia
100%
Kostaryka
100%
Libia
100%
Maroko
100%
Meksyk
100%
Niemcy
100%
Norwegia
100%
Panama
100%
Paragwaj
100%
Peru
100%
Polska
100%
Rosja
100%
Rumunia
100%
Stany Zjednoczone
100%
Szwajcaria
100%
Szwecja
100%
Turcja
100%
Ukraina
100%
Węgry
100%
Wenezuela
100%
Włochy
100%
Mongolia
92%
Serbia
92%
Słowacja
92%
Holandia
91%
Sudan Południowy
91%
Ghana
90%
Japonia
90%
Kirgistan
90%
Mali
90%
Sudan
90%
Wielka Brytania
90%
Białoruś
89%
Nowa Zelandia
89%
Kongo
88%
Namibia
88%
Niger
88%
Urugwaj
88%
Ekwador
87%
Belgia
86%
Kamerun
86%
Czarnogóra
85%
Bułgaria
83%
Indonezja
83%
Iran
83%
Kenia
83%
Kosowo
83%
Mauretania
83%
Mołdawia
83%
Papua-Nowa Gwinea
83%
Portugalia
83%
Oman
82%
Republika Południowej Afryki
82%
Słowenia
82%
Jemen
81%
Angola
80%
Armenia
80%
Burkina Faso
80%
Etiopia
80%
Senegal
79%
Chile
78%
Kuba
77%
Gwinea Bissau
75%
Indie
75%
Kambodża
75%
Mozambik
75%
Jordania
73%
Litwa
73%
Dania
71%
Korea Północna
71%
Malawi
71%
Nigeria
71%
Republika Środkowoafrykańska
71%
Surinam
71%
Jamajka
70%
Tadżykistan
70%
Tanzania
70%
Zimbabwe
70%
Malta
69%
Belize
67%
Filipiny
67%
Gwatemala
67%
Irak
67%
Kuwejt
67%
Macedonia Północna
67%
Madagaskar
67%
Mjanma
67%
Nikaragua
67%
Somalia
67%
Syria
67%
Tajwan
67%
Turkmenistan
67%
Uganda
64%
Bangladesz
63%
Bhutan
63%
Honduras
63%
Kiribati
63%
Nepal
63%
Irlandia
62%
Afganistan
60%
Islandia
60%
Laos
60%
Pakistan
60%
Sierra Leone
60%
Uzbekistan
60%
Gwinea
58%
Gujana
57%
Korea Południowa
57%
Estonia
56%
Rwanda
56%
Seszele
56%
Zambia
56%
Tunezja
55%
Bahamy
50%
Benin
50%
Dominikana
50%
Dżibuti
50%
Gambia
50%
Gruzja
50%
Haiti
50%
Łotwa
50%
Luksemburg
50%
Malediwy
50%
Malezja
50%
Salwador
50%
Samoa
50%
Togo
50%
Wybrzeże Kości Słoniowej
50%
Gabon
44%
Liberia
44%
Tajlandia
43%
Azerbejdżan
40%
Erytrea
40%
Gwinea Równikowa
40%
Mikronezja
40%
Cypr
39%
Fidżi
38%
Sri Lanka
38%
Tuvalu
36%
Tonga
33%
Vanuatu
33%
Wietnam
33%
Wyspy Marshalla
33%
Zjednoczone Emiraty Arabskie
33%
Katar
30%
Liban
30%
Lesotho
29%
Mauritius
29%
Burundi
25%
Komory
25%
Izrael
22%
Nauru
22%
Eswatini
20%
Republika Zielonego Przylądka
20%
Palau
18%
Timor Wschodni
17%
Wyspy Salomona
17%
Trynidad i Tobago
9%
Wyspy Świętego Tomasza i Książeca
9%
Nie znaleziono quizów pasujących do podanych kryteriów
Rozkład punktacji
Procent ludzi z każdym wynikiem
Percentyl według liczby udzielonych odpowiedzi
Twoja historia wyników
Nie rozwiązałeś tego quizu